Tests y pruebas físicas

Salvato in:
Dettagli Bibliografici
Autori principali: George, James D (Autore), Fisher, A. Garth (Autore), Vehrs, Pat R (Autore)
Natura: Libro
Lingua:spagnolo
Pubblicazione: Barcelona Paidotribo 2005
Edizione:4a. ed
Serie:Colección Fitness
Soggetti:
Tags: Aggiungi Tag
Nessun Tag, puoi essere il primo ad aggiungerne!!

MARC

LEADER 00000nam a2200000 a 4500
001 UCI9501
003 CL-VaPUC
008 081120e20050000SP |||||||||||||||||spa|d
020 |a 8480192690 
082 0 4 |a 613.71  |b GEO  |2 21 
100 |a George, James D  |e author  |9 533297 
700 0 |a Fisher, A. Garth  |e author  |9 533298 
700 0 |a Vehrs, Pat R  |e author  |9 533299 
245 1 0 |a Tests y pruebas físicas 
250 |a 4a. ed 
300 |a 310 p 
942 |c BK 
945 |d 20081120 00:00:00  |a jtorresc 
260 |a Barcelona  |b Paidotribo  |c 2005 
650 0 |a Aptitud física   |9 373835 
650 0 |a Educación física  |9 240893 
650 7 |a TESTS  |2 CL-VaPUC  |9 309359 
650 0 |a Actividad física  |9 362156 
650 0 |a Fuerza muscular  |9 307400 
583 |a last modification  |c 20081120 00:00:00  |k Rodrigo Vera 
490 0 |a Colección Fitness 
999 |c 332025  |d 332023 
952 |0 0  |1 0  |4 0  |6 613_710000000000000_GEO_2005  |7 0  |8 A  |9 419362  |a BIBEDU  |b BIBEDU  |d 2019-11-22  |i 4497872  |o 613.71 GEO 2005  |p 4497872  |r 2019-11-22  |w 2019-11-22  |y BK  |k EFI 
952 |0 0  |1 0  |4 0  |6 613_710000000000000_GEO_2005  |7 0  |8 A  |9 419363  |a BIBEDU  |b BIBEDU  |d 2019-11-22  |i 4497880  |o 613.71 GEO 2005  |p 4497880  |r 2019-11-22  |w 2019-11-22  |y BK  |k EFI 
952 |0 0  |1 0  |4 0  |6 613_710000000000000_GEO_2005  |7 0  |8 C  |9 419364  |a BIBCUR  |b BIBCUR  |d 2019-11-22  |i 4702107  |o 613.71 GEO 2005  |p 4702107  |r 2025-04-22  |w 2019-11-22  |y BK  |k DEN